BBL Teams nach Instagram Follower - Statistiken

Allgemein
  • Dieses Quiz wurde 11 mal gespielt
  • Das Durchschnittsergebnis liegt bei 9 aus 18
Antwortstatistiken
Follower Team % Korrekt
72.400 ALBA Berlin
100%
355.000 FC Bayern Basketball
100%
46.600 Ratiopharm Ulm
89%
36.500 Telekom Baskets Bonn
78%
33.300 Baskets Oldenburg
56%
15.700 Gladiators Trier
56%
29.100 Basketball Löwen Braunschweig
44%
23.000 Frankfurt Skyliners
44%
11.700 Mitteldeutscher BC
44%
22.600 Rostock Seawolves
44%
33.500 Towers Hamburg
44%
21.200 Academics Heidelberg
33%
35.400 Bamberg Baskets
33%
28.400 Niners Chemnitz
33%
20.100 RASTA Vechta
33%
12.400 Science City Jena
33%
25.400 Würzburg Baskets
33%
25.200 MHP Riesen Ludwigsburg
22%
Keine übereinstimmenden Quizze gefunden
Verteilung der Resultate
Anzahl Personen mit jedem Resultat
Perzentil nach korrekt beantworteten Fragen
Ihre Resultats-Entwicklung
Sie haben dieses Quiz noch nicht gespielt